| 000 | 00701cam a2200217 4500 | ||
|---|---|---|---|
| 001 | 13728 | ||
| 005 | 20230410102057.0 | ||
| 008 | 060907s1986 dr spa | ||
| 035 | _9funglode13847 | ||
| 041 | _aspa | ||
| 050 | 1 | 4 |
_a118 JL 1138 _bC196h 1986 |
| 100 | 1 | _aCampillo Pérez, Julio Genaro. | |
| 245 | 1 | 0 |
_aHistoria electoral dominicana 1848-1986 : _bel grillo y el ruiseñor / _cJulio G. Campillo Pérez |
| 250 | _a4a ed. | ||
| 260 |
_aSanto Domingo : _bEditora Corripio, _c1986 |
||
| 300 | _a627 p. | ||
| 650 | 0 |
_aElections _zDominican Republic _xHistory. |
|
| 650 | 4 |
_aElecciones _zRepública Dominicana |
|
| 650 | 4 |
_aElecciones _xLegislación _zRepública Dominicana |
|
| 942 |
_2lcc _cbk |
||
| 999 |
_c18572 _d18572 |
||